LEADER 01030nam a2200265 a 4500 001 000000135782 003 CaOOAMICUS 005 20131011092530.0 008 131011s2008 it u000 u ita r 020 $a978-88-04-57790-4 040 $aPUL$bita 100 1 $aParazzoli, Ferruccio,$d1935-$0(OLS)http://pul/name/87426 245 10$aAdesso viene la notte /$cFerruccio Parazzoli. 260 $aMilano :$bArnoldo Mondadori,$c2008. 300 $a123 p. ;$c20 cm 490 1 $aScrittori italiani e stranieri 830 0$aScrittori italiani e stranieri (A. Mondadori).$0(OLS)http://pul/title/76940 850 $aPUL 852 $aPUL$W1$xDP1 Fondo E. Rossi$y115$m2 A 206$j156577$qFondi$B155925$CPULBib$Z2$F155925 $82 941 1 $a1 961 $aSul dorso collocazione ms. di E. Rossi: I 140 0 996 $6020$a978-88-04-57790-4$9(OLS)http://pul/number/153725 996 $6245$aAdesso viene la notte$9(OLS)http://pul/title/171663 996 $6260$aMilano :$bArnoldo Mondadori$9(OLS)http://pul/publisher/60431 LEADER 01726nam a2200349 a 4500 001 000000168368 003 CaOOAMICUS 005 20180619105032.0 008 180619s2018 vc u000 u ita r 020 $a978-88-465-1208-6* 032 $aLibriCat 040 $aPUL$bita 082 04$a230 245 00$aRadici cristiane e cittadinanza europea a sessant'anni dai Trattati di Roma /$cGaetano De Simone, Gennaro Taiani (edd.) ; Area internazionale di ricerca Caritas in veritate ; in collaborazione con la Cattedra Giovanni Paolo II Filosofia e storia delle istituzioni europee. 260 $aCittą del Vaticano :$bLateran University Press,$c©2018. 300 $a285 p. ;$c19 cm. 490 1 $aVivae voces ;$v47 500 $aAtti del Convegno tenuto a Cittą del Vaticano nel 2017. 504 $aBibliografia in nota. 610 14$aUnione europea$xAspetti culturali e sociali.$0(OLS)http://pul/subject/37108 651 4$aEuropa$xStoria sociale.$0(OLS)http://pul/subject/2429 700 1 $aDe Simone, Gaetano.$0(OLS)http://pul/name/23255 700 1 $aTaiani, Gennaro.$0(OLS)http://pul/name/73221 830 0$aVivae voces ;$v47.$0(OLS)http://pul/title/165512 850 $aPUL 852 $aPUL$W1$xSL Religione 3$y85$m230 COLL 7.47$j191863$qDDC 21$B196269$CPULBib$Z2$F196269 $H131065 $81 941 1 $a9 996 $6020$a978-88-465-1208-6*$9(OLS)http://pul/number/164381 996 $6082$a230$9(OLS)http://pul/classification/368 996 $6245$aRadici cristiane e cittadinanza europea a sessant'anni dai Trattati di Roma$9(OLS)http://pul/title/208704 996 $6260$aCittą del Vaticano :$bLateran University Press$9(OLS)http://pul/publisher/74585